| 000 | 02871nam a2200373 i 4500 | ||
|---|---|---|---|
| 001 | 000000653 | ||
| 003 | DO-SdBNP | ||
| 005 | 20260526142530.0 | ||
| 007 | ta | ||
| 008 | 090331s2006 dr ac 000 0 spa d | ||
| 040 |
_aDO-SdBNP _bspa _cBNPHU _erda |
||
| 041 | _aspa | ||
| 082 | 4 |
_a972.93697 _bM538m _222 |
|
| 100 | 1 |
_aMéndez Jiminián, Jesús, _eautor _4aut. _92186 |
|
| 245 | 1 | 0 |
_aMartí por los caminos de La Vega Real : _bpasión y gloria / _cJesús Méndez Jiminián. |
| 264 | 1 |
_aSanto Domingo : _bPrográfica, _c2006. |
|
| 300 |
_a207 páginas : _bilustraciones retratos ; _c21 cm. |
||
| 336 |
_atexto _btxt _2rdacontent |
||
| 337 |
_asin mediación _bn _2rdamedia |
||
| 338 |
_avolumen _bnc _2rdacarrier |
||
| 500 | _aPreparar un pueblo para defenderse, y para vivir con honor, es el mejor modo de defenderlo. | ||
| 500 | _aIncluye referencias bibliográficas y notas al pie de las páginas. | ||
| 504 | _aBibliografía : páginas 201-207. | ||
| 505 | 0 |
_aDedicatoria -- _tAgradecimientos -- _tPrólogo -- _gCapítulo 1-- _tLa Vega de entonces (1850-1900) -- _gCapítulo 2-- _tApuntes sobre la economía de La Vega durante la segunda mitad del siglo XIX -- _gCapítulo 3-- _tVida cultural, religiosa, folklore, costumbres y leyendas veganas (1850-1900) -- _gCapítulo 4-- _tEscuelas, sociedades, gremios y otras instituciones en La Vega durante la segunda mitad del siglo XIX -- _gCapítulo 5-- _tLa presencia de Martí en La Vega Real -- _tMartí camino a La Vega Real -- _tCapítulo 6-- _tLa prensa vegana y los clubes revolucionarios en la República Dominicana: su papel en el proyecto martiano -- _tCapítulo 7-- _tLuperón y Heureaux: aportes a la causa cubana -- _gCapítulo 8-- _tMartí y Federico García Godoy. Crítica a Ramona, novela americana traducida por Martí -- _gCapítulo 9 -- _tMartí en el recuerdo de grandes veganos del siglo XIX -- Don Manuel Ubaldo Gómez y Moya _gCapítulo 10-- _tEpistolario de José Eleuterio Hatton sobre la causa cubana desde Santo Domingo 1896-- _gCapítulo 11-- _tCuba y el General Weyler 1896-- _gCapítulo 12-- _tLa campaña de la reforma: la gran desgracia de Weyler en la guerra de independencia cubana-- _gCapítulo 13-- _tCirculares, órdenes y mandos del general Weyler en Cuba entre 1896 y 1897-- _gCapítulo 14-- _tLos Estados Unidos y el general Weyler en los tiempos de la guerra de independencia cubana 1897. |
|
| 590 | _aInventariado, 2024 / DG | ||
| 600 | 1 | 0 |
_aMartí, José, _d1853-1895 _9645 |
| 651 | 4 |
_a Concepción de la Vega (Republica Dominicana ) _92180 |
|
| 651 | 4 |
_aConcepción de la Vega (República Dominicana) _xCondiciones económicas _xHistoria _92187 |
|
| 651 | 4 |
_aConcepción de la Vega (República Dominicana) _xCondiciones sociales _xHistoria _92188 |
|
| 651 | 4 |
_aCuba _xHistoria _9493 |
|
| 651 | 4 |
_aRepública Dominicana _xHistoria _9170 |
|
| 910 | _aValidado. Control de calidad MMOLINA | ||
| 942 |
_2ddc _cLBS1 |
||
| 999 |
_c650 _d650 |
||